Stewart International Airport Destinations (New Windsor, NY, USA) - Statistics

General Stats
  • This quiz has been taken 45 times
    11 since last reset
  • The average score is 6 of 9
Answer Stats
Airline Destination % Correct
Breeze Airways Orlando
100%
Allegiant Air Orlando/Sanford
100%
Allegiant Air Fort Lauderdale
89%
Breeze Airways Fort Myers
78%
Allegiant Air Myrtle Beach
56%
Allegiant Air St. Petersburg/Clearwater
56%
Allegiant Air Punta Gorda (FL)
44%
Breeze Airways Charleston (SC)
33%
Breeze Airways Vero Beach
11%
No matching quizzes found
Score Distribution
Percent of People with Each Score
Percentile by Number Answered
Your Score History
You have not taken this quiz since the last reset